Mort subite Sous-préfecture et plus grande ville du département - Statistiques

Statistiques générales
  • Ce quiz a été pris 46 fois
  • Le résultat moyen est 11 sur 20
Answers on the Grid
Answers color-coded by a green-red scale on the quiz's grid according to % correct below.
Gex
Saint-Quentin
Montluçon
Forcalquier
Briançon
Grasse
Tournon-sur-Rhône
Sedan
Pamiers
Nogent-sur-Seine
Narbonne
Millau
Aix-en-Provence
Lisieux
Saint-Flour
Cognac
Saintes
Vierzon
Brive-la-Gaillarde
Sartène
Corte
Beaune
Lannion
Aubusson
Bergerac
Sarlat-la-Canéda
Montbéliard
Nyons
Bernay
Dreux
Brest
Alès
Muret
Condom
Arcachon
Béziers
Saint-Malo
Issoudun
Chinon
Vienne
Dole
Dax
Romorantin-Lanthenay
Roanne
Yssingeaux
Saint-Nazaire
Montargis
Figeac
Villeneuve-sur-Lot
Florac Trois Rivières
Cholet
Cherbourg-en-Cotentin
Reims
Saint-Dizier
Château-Gontier-sur-Mayenne
Lunéville
Verdun
Lorient
Thionville
Cosne-Cours-sur-Loire
Dunkerque
Compiègne
Argentan
Calais
Riom
Bayonne
Bagnères-de-Bigorre
Céret
Haguenau
Mulhouse
Villefranche-sur-Saône
Lure
Chalon-sur-Saône
La Flèche
Albertville
Thonon-les-Bains
Le Havre
Meaux
Mantes-la-Jolie
Bressuire
Abbeville
Castres
Castelsarrasin
Draguignan
Carpentras
Les Sables-d'Olonne
Châtellerault
Rochechouart
Saint-Dié-des-Vosges
Sens
Palaiseau
Boulogne-Billancourt
Saint-Denis
Nogent-sur-Marne
Argenteuil
Pointe-à-Pitre
La Trinité
Saint-Laurent-du-Maroni
Saint-Paul
 
Statistiques - réponses
Réponse % Correct
Boulogne-Billancourt
71%
Calais
71%
Le Havre
71%
Lorient
71%
Mulhouse
71%
Narbonne
71%
Reims
71%
Saint-Denis
71%
Brest
57%
Brive-la-Gaillarde
57%
Cherbourg-en-Cotentin
57%
Dole
57%
Pamiers
57%
Saint-Quentin
57%
Argenteuil
43%
Meaux
43%
Montluçon
43%
Verdun
43%
Chalon-sur-Saône
29%
Saint-Dizier
29%
Aucun quiz correspondant
Distribution des résultats
% des personnes avec chaque résultat
Percentile par nombre de réponses
Votre historique - résultats
Vous n’avez pas pris ce quiz